<?xml version="1.0" encoding="UTF-8"?>
<record
    xmlns:xsi="http://www.w3.org/2001/XMLSchema-instance"
    xsi:schemaLocation="http://www.loc.gov/MARC21/slim http://www.loc.gov/standards/marcxml/schema/MARC21slim.xsd"
    xmlns="http://www.loc.gov/MARC21/slim">

  <leader>02583nam a22002897a 4500</leader>
  <controlfield tag="003">NALT</controlfield>
  <controlfield tag="005">20250323145217.0</controlfield>
  <controlfield tag="008">220211b        th ||||| |||| 00| 0 tha d</controlfield>
  <datafield tag="020" ind1=" " ind2=" ">
    <subfield code="a">9789744179333</subfield>
  </datafield>
  <datafield tag="040" ind1=" " ind2=" ">
    <subfield code="a">NALT</subfield>
  </datafield>
  <datafield tag="041" ind1=" " ind2=" ">
    <subfield code="a">tha</subfield>
  </datafield>
  <datafield tag="050" ind1=" " ind2=" ">
    <subfield code="a">ND 2835</subfield>
    <subfield code="b">&#xE2A;879&#xE01; 2551</subfield>
  </datafield>
  <datafield tag="100" ind1="0" ind2=" ">
    <subfield code="a">&#xE2A;&#xE38;&#xE27;&#xE34;&#xE0A; &#xE0A;&#xE21;&#xE0A;&#xE37;&#xE48;&#xE19;</subfield>
    <subfield code="9">63840</subfield>
  </datafield>
  <datafield tag="245" ind1="1" ind2="0">
    <subfield code="a">&#xE01;&#xE32;&#xE23;&#xE2D;&#xE19;&#xE38;&#xE23;&#xE31;&#xE01;&#xE29;&#xE4C;&#xE08;&#xE34;&#xE15;&#xE23;&#xE01;&#xE23;&#xE23;&#xE21;&#xE41;&#xE25;&#xE30;&#xE1B;&#xE23;&#xE30;&#xE15;&#xE34;&#xE21;&#xE32;&#xE01;&#xE23;&#xE23;&#xE21; /</subfield>
    <subfield code="c">&#xE1C;&#xE39;&#xE49;&#xE40;&#xE23;&#xE35;&#xE22;&#xE1A;&#xE40;&#xE23;&#xE35;&#xE22;&#xE07; &#xE2A;&#xE38;&#xE27;&#xE34;&#xE0A; &#xE0A;&#xE21;&#xE0A;&#xE37;&#xE48;&#xE19; ... [&#xE41;&#xE25;&#xE30;&#xE04;&#xE19;&#xE2D;&#xE37;&#xE48;&#xE19; &#xE46;] .</subfield>
  </datafield>
  <datafield tag="250" ind1=" " ind2=" ">
    <subfield code="a">&#xE1E;&#xE34;&#xE21;&#xE1E;&#xE4C;&#xE04;&#xE23;&#xE31;&#xE49;&#xE07;&#xE41;&#xE23;&#xE01;.</subfield>
  </datafield>
  <datafield tag="260" ind1=" " ind2=" ">
    <subfield code="a">&#xE01;&#xE23;&#xE38;&#xE07;&#xE40;&#xE17;&#xE1E;&#xE2F; :</subfield>
    <subfield code="b">&#xE01;&#xE25;&#xE38;&#xE48;&#xE21;&#xE2D;&#xE19;&#xE38;&#xE23;&#xE31;&#xE01;&#xE29;&#xE4C;&#xE08;&#xE34;&#xE15;&#xE23;&#xE01;&#xE23;&#xE23;&#xE21;&#xE41;&#xE25;&#xE30;&#xE1B;&#xE23;&#xE30;&#xE15;&#xE34;&#xE21;&#xE32;&#xE01;&#xE23;&#xE23;&#xE21; &#xE2A;&#xE33;&#xE19;&#xE31;&#xE01;&#xE42;&#xE1A;&#xE23;&#xE32;&#xE13;&#xE04;&#xE14;&#xE35; &#xE01;&#xE23;&#xE21;&#xE28;&#xE34;&#xE25;&#xE1B;&#xE32;&#xE01;&#xE23;,</subfield>
    <subfield code="c">2551.</subfield>
  </datafield>
  <datafield tag="300" ind1=" " ind2=" ">
    <subfield code="a">200 &#xE2B;&#xE19;&#xE49;&#xE32; :</subfield>
    <subfield code="b">&#xE20;&#xE32;&#xE1E;&#xE1B;&#xE23;&#xE30;&#xE01;&#xE2D;&#xE1A; ;</subfield>
    <subfield code="c">30 &#xE0B;&#xE21;.</subfield>
  </datafield>
  <datafield tag="505" ind1="0" ind2=" ">
    <subfield code="a">&#xE40;&#xE23;&#xE37;&#xE48;&#xE2D;&#xE07;&#xE23;&#xE32;&#xE27;&#xE17;&#xE35;&#xE48;&#xE19;&#xE34;&#xE22;&#xE21;&#xE19;&#xE33;&#xE21;&#xE32;&#xE40;&#xE02;&#xE35;&#xE22;&#xE19;&#xE08;&#xE34;&#xE15;&#xE23;&#xE01;&#xE23;&#xE23;&#xE21;&#xE1D;&#xE32;&#xE1C;&#xE19;&#xE31;&#xE07; : &#xE1E;&#xE23;&#xE30;&#xE1E;&#xE38;&#xE17;&#xE18;&#xE1B;&#xE23;&#xE30;&#xE27;&#xE31;&#xE15;&#xE34; ; &#xE19;&#xE34;&#xE1A;&#xE32;&#xE15;&#xE0A;&#xE32;&#xE14;&#xE01; ; &#xE17;&#xE28;&#xE0A;&#xE32;&#xE15;&#xE34;&#xE0A;&#xE32;&#xE14;&#xE01; ; &#xE1E;&#xE23;&#xE30;&#xE40;&#xE27;&#xE2A;&#xE2A;&#xE31;&#xE19;&#xE14;&#xE23;&#xE0A;&#xE32;&#xE14;&#xE01; ; &#xE44;&#xE15;&#xE23;&#xE20;&#xE39;&#xE21;&#xE34; ; &#xE40;&#xE04;&#xE23;&#xE37;&#xE48;&#xE2D;&#xE07;&#xE1A;&#xE39;&#xE0A;&#xE32;&#xE08;&#xE35;&#xE19; -- &#xE01;&#xE32;&#xE23;&#xE2D;&#xE19;&#xE38;&#xE23;&#xE31;&#xE01;&#xE29;&#xE4C;&#xE08;&#xE34;&#xE15;&#xE01;&#xE23;&#xE23;&#xE21;&#xE1D;&#xE32;&#xE1C;&#xE19;&#xE31;&#xE07;&#xE43;&#xE19;&#xE1B;&#xE35;&#xE21;&#xE2B;&#xE32;&#xE21;&#xE07;&#xE04;&#xE25;&#xE09;&#xE25;&#xE2D;&#xE07;&#xE2A;&#xE34;&#xE23;&#xE34;&#xE23;&#xE32;&#xE0A;&#xE2A;&#xE21;&#xE1A;&#xE31;&#xE15;&#xE34; &#xE04;&#xE23;&#xE1A; 60 &#xE1B;&#xE35; &#xE1E;&#xE23;&#xE30;&#xE1A;&#xE32;&#xE17;&#xE2A;&#xE21;&#xE40;&#xE14;&#xE47;&#xE08;&#xE1E;&#xE23;&#xE30;&#xE40;&#xE08;&#xE49;&#xE32;&#xE2D;&#xE22;&#xE39;&#xE48;&#xE2B;&#xE31;&#xE27;&#xE20;&#xE39;&#xE21;&#xE34;&#xE1E;&#xE25;&#xE2D;&#xE14;&#xE38;&#xE25;&#xE22;&#xE40;&#xE14;&#xE0A; &#xE08;&#xE33;&#xE19;&#xE27;&#xE19; 4 &#xE27;&#xE31;&#xE14; : &#xE02;&#xE31;&#xE49;&#xE19;&#xE15;&#xE2D;&#xE19;&#xE01;&#xE32;&#xE23;&#xE2D;&#xE19;&#xE38;&#xE23;&#xE31;&#xE01;&#xE29;&#xE4C; ; &#xE27;&#xE31;&#xE14;&#xE1B;&#xE48;&#xE32;&#xE40;&#xE01;&#xE14; &#xE08;&#xE31;&#xE07;&#xE2B;&#xE27;&#xE31;&#xE14;&#xE2A;&#xE21;&#xE38;&#xE17;&#xE23;&#xE1B;&#xE23;&#xE32;&#xE01;&#xE32;&#xE23; ; &#xE27;&#xE31;&#xE14;&#xE42;&#xE1A;&#xE2A;&#xE16;&#xE4C;&#xE2A;&#xE32;&#xE21;&#xE40;&#xE2A;&#xE19; &#xE01;&#xE23;&#xE38;&#xE07;&#xE40;&#xE17;&#xE1E;&#xE21;&#xE2B;&#xE32;&#xE19;&#xE04;&#xE23; ; &#xE27;&#xE31;&#xE14;&#xE23;&#xE32;&#xE0A;&#xE42;&#xE2D;&#xE23;&#xE2A;&#xE32;&#xE23;&#xE32;&#xE21; &#xE01;&#xE23;&#xE38;&#xE07;&#xE40;&#xE17;&#xE1E;&#xE21;&#xE2B;&#xE32;&#xE19;&#xE04;&#xE23; ; &#xE27;&#xE31;&#xE14;&#xE40;&#xE04;&#xE23;&#xE37;&#xE2D;&#xE27;&#xE31;&#xE25;&#xE22;&#xE4C; &#xE01;&#xE23;&#xE38;&#xE07;&#xE40;&#xE17;&#xE1E;&#xE21;&#xE2B;&#xE32;&#xE19;&#xE04;&#xE23;.</subfield>
  </datafield>
  <datafield tag="650" ind1=" " ind2="4">
    <subfield code="a">&#xE08;&#xE34;&#xE15;&#xE23;&#xE01;&#xE23;&#xE23;&#xE21;&#xE1D;&#xE32;&#xE1C;&#xE19;&#xE31;&#xE07;&#xE44;&#xE17;&#xE22;</subfield>
    <subfield code="x">&#xE01;&#xE23;&#xE38;&#xE07;&#xE40;&#xE17;&#xE1E;&#xE2F;</subfield>
    <subfield code="9">28312</subfield>
  </datafield>
  <datafield tag="650" ind1=" " ind2="4">
    <subfield code="a">&#xE08;&#xE34;&#xE15;&#xE23;&#xE01;&#xE23;&#xE23;&#xE21;&#xE1E;&#xE38;&#xE17;&#xE18;&#xE28;&#xE32;&#xE2A;&#xE19;&#xE32;</subfield>
    <subfield code="z">&#xE44;&#xE17;&#xE22;</subfield>
    <subfield code="9">23867</subfield>
  </datafield>
  <datafield tag="650" ind1=" " ind2="4">
    <subfield code="a">&#xE1B;&#xE23;&#xE30;&#xE15;&#xE34;&#xE21;&#xE32;&#xE01;&#xE23;&#xE23;&#xE21;&#xE1E;&#xE38;&#xE17;&#xE18;&#xE28;&#xE32;&#xE2A;&#xE19;&#xE32;</subfield>
    <subfield code="z">&#xE44;&#xE17;&#xE22;</subfield>
    <subfield code="9">31810</subfield>
  </datafield>
  <datafield tag="650" ind1=" " ind2="4">
    <subfield code="a">&#xE28;&#xE34;&#xE25;&#xE1B;&#xE01;&#xE23;&#xE23;&#xE21;&#xE44;&#xE17;&#xE22;</subfield>
    <subfield code="z">&#xE01;&#xE23;&#xE38;&#xE07;&#xE40;&#xE17;&#xE1E;&#xE2F;</subfield>
    <subfield code="x">&#xE20;&#xE32;&#xE1E;&#xE16;&#xE48;&#xE32;&#xE22;</subfield>
    <subfield code="9">22818</subfield>
  </datafield>
  <datafield tag="710" ind1="2" ind2=" ">
    <subfield code="a">&#xE01;&#xE23;&#xE21;&#xE28;&#xE34;&#xE25;&#xE1B;&#xE32;&#xE01;&#xE23;.  </subfield>
    <subfield code="b">&#xE2A;&#xE33;&#xE19;&#xE31;&#xE01;&#xE42;&#xE1A;&#xE23;&#xE32;&#xE13;&#xE04;&#xE14;&#xE35;</subfield>
    <subfield code="9">44665</subfield>
  </datafield>
  <datafield tag="850" ind1=" " ind2=" ">
    <subfield code="a">NALT</subfield>
  </datafield>
  <datafield tag="942" ind1=" " ind2=" ">
    <subfield code="2">lcc</subfield>
    <subfield code="c">GB</subfield>
  </datafield>
  <datafield tag="996" ind1=" " ind2=" ">
    <subfield code="a">phornvitoo</subfield>
    <subfield code="b">CATSTF	</subfield>
    <subfield code="c">2024-05-11</subfield>
  </datafield>
  <datafield tag="999" ind1=" " ind2=" ">
    <subfield code="c">99521</subfield>
    <subfield code="d">99521</subfield>
  </datafield>
  <datafield tag="998" ind1=" " ind2=" ">
    <subfield code="j">3099</subfield>
    <subfield code="k"> &#xE1E;&#xE23;&#xE27;&#xE34;&#xE17;&#xE39;  &#xE42;&#xE04;&#xE49;&#xE27;&#xE04;&#xE0A;&#xE32;&#xE20;&#xE23;&#xE13;&#xE4C;</subfield>
  </datafield>
  <datafield tag="952" ind1=" " ind2=" ">
    <subfield code="0">0</subfield>
    <subfield code="1">0</subfield>
    <subfield code="2">lcc</subfield>
    <subfield code="4">0</subfield>
    <subfield code="7">0</subfield>
    <subfield code="8">CSEN</subfield>
    <subfield code="a">NALT</subfield>
    <subfield code="b">NALT</subfield>
    <subfield code="c">GEN</subfield>
    <subfield code="d">2022-02-11</subfield>
    <subfield code="o">ND 2835 &#xE2A;879&#xE01; 2551 &#xE25;.3</subfield>
    <subfield code="p">0100007768001</subfield>
    <subfield code="r">2022-02-11 00:00:00</subfield>
    <subfield code="w">2022-02-11</subfield>
    <subfield code="y">GB</subfield>
  </datafield>
</record>
